01310 2200541 4500001002100000005001700021008004100038035002400079082001400103090002400117100002700141245007300168260008100241300001800322650003200340850001200372980001500384985000600399999001500405999001500420999001500435999001500450999001500465990001200480990001200492990001200504990001200516990001200528990001200540990001200552990001200564990001200576990001200588990001200600990001200612990001200624990001200636990001200648990001200660990001200672990001200684990001200696990001200708990001200720990001200732990001200744990001200756YOGYA-0209000005900220090227034600.0 ind  0010-020900000059002 a899.21133 a899.21133bLum SlT aLUMBANTOBING, Asrenius aSi Aji donda latahutan dan PangulubalangcOleh Asrenius Lumbantobing aJakartabProyek Penerbitan Buku Bacaan dan Sastra indonesia dan Daerahc1978 a63 hlmc21 cm aKesusastraan Batak - Cerita aYOPDYOG a26-07-2008 a5 aa000059547 aa000022481 aa000022482 aa000022483 aa000022485 a59547-a a22481-A a22483-A a22485-A a22481-a a59547-a a22483-A a22485-A a22483-a a59547-a a22481-a a22485-A a22483-a a59547-a a22481-a a22485-A a22481-a a59547-a a22483-a a22485-A a59547-a a22481-a a22483-a a22485-A